[Event "Titled Tuesday intern op 13th Aug Early"]
[Site "Chess.com INT"]
[Date "2024.08.13"]
[Round "1"]
[White "Yang, Kaiqi"]
[Black "Guevara Sanchez, Erick Marvin"]
[Result "1-0"]
[WhiteElo "2481"]
[BlackElo "2040"]
[PlyCount "94"]
[GameId "2107989758004613"]
[EventDate "2024.08.13"]
[EventType "swiss (blitz)"]
[EventRounds "11"]
[EventCountry "USA"]
[SourceTitle "EXT 2025"]
[Source "ChessBase"]
[SourceDate "2024.10.14"]
[SourceVersion "1"]
[SourceVersionDate "2024.10.14"]
[SourceQuality "1"]

1. Nf3 d5 2. g3 c5 3. Bg2 d4 4. O-O Nc6 5. c3 Nf6 6. cxd4 cxd4 7. d3 e6 8. Bg5 Be7 9. Bxf6 Bxf6 10. Na3 O-O 11. Rc1 g6 12. Nd2 Bd7 13. Ne4 Bg7 14. Nc5 Qc7 15. Nb5 Qc8 16. Nd6 Qc7 17. Nxd7 Qxd7 18. Nxb7 Qxb7 19. Bxc6 Qxb2 20. Bxa8 Rxa8 21. Qc2 Qb6 22. Qc6 Rb8 23. Qxb6 Rxb6 24. Rb1 Ra6 25. Rfc1 Ra3 26. Rc8+ Bf8 27. Rbb8 Rxa2 28. Rxf8+ Kg7 29. g4 h6 30. h4 g5 31. hxg5 hxg5 32. Kf1 a5 33. Rg8+ Kf6 34. Ra8 a4 35. Ra7 Ke5 36. Rxf7 a3 37. Rxg5+ Kd6 38. Ra5 Ra1+ 39. Kg2 Re1 40. Kf3 Ra1 41. Rfa7 a2 42. Rxa2 Rg1 43. R2a6+ Ke5 44. Re7 Kd5 45. Rexe6 Rf1 46. Rh6 Rxf2+ 47. Kxf2 Kc5 1-0

[Event "Titled Tuesday intern op 13th Aug Early"]
[Site "Chess.com INT"]
[Date "2024.08.13"]
[Round "2"]
[White "Yang, Kaiqi"]
[Black "Shirov, Alexei"]
[Result "1-0"]
[WhiteElo "2481"]
[BlackElo "2665"]
[PlyCount "103"]
[GameId "2107989758017226"]
[EventDate "2024.08.13"]
[EventType "swiss (blitz)"]
[EventRounds "11"]
[EventCountry "USA"]
[SourceTitle "EXT 2025"]
[Source "ChessBase"]
[SourceDate "2024.10.14"]
[SourceVersion "1"]
[SourceVersionDate "2024.10.14"]
[SourceQuality "1"]

1. e4 e5 2. Nf3 Nc6 3. Bc4 Nf6 4. d3 Bc5 5. O-O O-O 6. c3 d5 7. exd5 Nxd5 8. Re1 Bg4 9. h3 Bh5 10. Nbd2 Nb6 11. Bb5 f6 12. Ne4 Be7 13. Ng3 Bf7 14. d4 exd4 15. Bxc6 bxc6 16. Nxd4 Bd6 17. Ngf5 Kh8 18. Qg4 g6 19. Nh6 c5 20. Ne6 Bxe6 21. Qxe6 Qd7 22. Qxd7 Nxd7 23. Bd2 Ne5 24. Re2 Rab8 25. b3 c4 26. b4 a5 27. a3 Kg7 28. Ng4 Nxg4 29. hxg4 Rfe8 30. Rxe8 Rxe8 31. Kf1 a4 32. Re1 Rxe1+ 33. Kxe1 Kf7 34. Ke2 Ke6 35. f3 Kd5 36. Be1 f5 37. gxf5 gxf5 38. Bd2 h5 39. Be1 c6 40. Bd2 Be5 41. Be1 Bf4 42. Bd2 Ke5 43. Be1 Bc1 44. Kd1 Bxa3 45. Kc2 Kf4 46. Bf2 Kg5 47. Be3+ Kh4 48. Bf2+ Kg5 49. Be3+ Kf6 50. Kb1 Ke5 51. Ka2 f4 52. Bd2 1-0

[Event "Titled Tuesday intern op 13th Aug Early"]
[Site "Chess.com INT"]
[Date "2024.08.13"]
[Round "4"]
[White "Yang, Kaiqi"]
[Black "Kravtsiv, Martyn"]
[Result "0-1"]
[WhiteElo "2481"]
[BlackElo "2598"]
[PlyCount "64"]
[GameId "2107989758042433"]
[EventDate "2024.08.13"]
[EventType "swiss (blitz)"]
[EventRounds "11"]
[EventCountry "USA"]
[SourceTitle "EXT 2025"]
[Source "ChessBase"]
[SourceDate "2024.10.14"]
[SourceVersion "1"]
[SourceVersionDate "2024.10.14"]
[SourceQuality "1"]

1. e4 e5 2. Nf3 Nc6 3. Bc4 Nf6 4. d3 Bc5 5. O-O O-O 6. c3 d5 7. exd5 Nxd5 8. Re1 Bg4 9. h3 Bh5 10. Nbd2 Nb6 11. Bb5 Bd6 12. Ne4 f5 13. Ng3 Bxf3 14. Qxf3 Ne7 15. Bg5 c6 16. Bc4+ Nxc4 17. dxc4 e4 18. Nxe4 fxe4 19. Qxe4 Qd7 20. Rad1 Rae8 21. c5 Nd5 22. Qd4 Bb8 23. c4 Rxe1+ 24. Rxe1 Nb6 25. Qc3 Nc8 26. g3 Qf5 27. f4 Qxh3 28. Qf3 h6 29. Be7 Rxf4 30. Qe3 Rf7 31. Qe6 Qxe6 32. Rxe6 Rxe7 0-1

[Event "Titled Tuesday intern op 13th Aug Early"]
[Site "Chess.com INT"]
[Date "2024.08.13"]
[Round "5"]
[White "Vasli, Aref"]
[Black "Yang, Kaiqi"]
[Result "0-1"]
[WhiteElo "2387"]
[BlackElo "2481"]
[PlyCount "166"]
[GameId "2107989758050904"]
[EventDate "2024.08.13"]
[EventType "swiss (blitz)"]
[EventRounds "11"]
[EventCountry "USA"]
[SourceTitle "EXT 2025"]
[Source "ChessBase"]
[SourceDate "2024.10.14"]
[SourceVersion "1"]
[SourceVersionDate "2024.10.14"]
[SourceQuality "1"]

1. Nf3 d5 2. c4 c6 3. cxd5 cxd5 4. e3 Nc6 5. b3 Nf6 6. Bb2 Bg4 7. h3 Bxf3 8. Qxf3 e6 9. Bb5 Rc8 10. O-O a6 11. Bxc6+ Rxc6 12. Qg3 Ne4 13. Qg4 h5 14. Qe2 Rc2 15. Be5 f6 16. Bh2 Bd6 17. Bxd6 Qxd6 18. Qd3 Qc7 19. Na3 Rxd2 20. Qb1 Kf7 21. Rc1 Qd6 22. Nc4 dxc4 23. Qxe4 Qd5 24. Qxc4 Rd8 25. Qf4 Rd7 26. Rc7 g5 27. Rxd7+ Qxd7 28. Qf3 Kg6 29. Rc1 h4 30. a4 b5 31. axb5 axb5 32. Qe4+ Kh6 33. b4 Rd1+ 34. Rxd1 Qxd1+ 35. Kh2 Qd6+ 36. f4 f5 37. Qf3 Qxb4 38. Qa8 gxf4 39. Qh8+ Kg6 40. Qxh4 Qd6 41. exf4 b4 42. Qg5+ Kf7 43. Qh5+ Ke7 44. Qh7+ Ke8 45. Qh8+ Kd7 46. Qg7+ Kc6 47. Qg3 Qd4 48. Qf3+ Kd6 49. h4 Qc3 50. Qd1+ Ke7 51. h5 b3 52. h6 b2 53. h7 Qh8 54. Kg3 Qxh7 55. Qb3 Qg7+ 56. Kf2 Qd4+ 57. Kg3 Kf6 58. Kh3 Kf7 59. g3 Qd2 60. Kh4 Kg6 61. Qxe6+ Kg7 62. Qe5+ Kg6 63. Qe6+ Kg7 64. Qb3 Qc1 65. Qb7+ Kf6 66. Qb6+ Ke7 67. Qb7+ Ke6 68. Qb6+ Kd5 69. Qb5+ Kd4 70. Qe5+ Kc4 71. Qc7+ Kd3 72. Qd7+ Ke2 73. Qb5+ Kf2 74. Qb6+ Kf1 75. Qb5+ Kg1 76. Qb6+ Kg2 77. Qb7+ Kh2 78. Kg5 b1=Q 79. Qh7+ Kg2 80. Qh5 Qe4 81. g4 Qcxf4+ 82. Kf6 Qxg4 83. Qh6 Qc6+ 0-1

[Event "Titled Tuesday intern op 13th Aug Early"]
[Site "Chess.com INT"]
[Date "2024.08.13"]
[Round "10"]
[White "Srbis, Jurica"]
[Black "Yang, Kaiqi"]
[Result "1-0"]
[WhiteElo "2409"]
[BlackElo "2481"]
[PlyCount "79"]
[GameId "2107989758113550"]
[EventDate "2024.08.13"]
[EventType "swiss (blitz)"]
[EventRounds "11"]
[EventCountry "USA"]
[SourceTitle "EXT 2025"]
[Source "ChessBase"]
[SourceDate "2024.10.14"]
[SourceVersion "1"]
[SourceVersionDate "2024.10.14"]
[SourceQuality "1"]

1. e4 c6 2. d4 d5 3. f3 e6 4. Nc3 Bb4 5. a3 Bxc3+ 6. bxc3 Ne7 7. e5 b6 8. f4 Ba6 9. Bxa6 Nxa6 10. Nf3 c5 11. O-O Nb8 12. a4 Nbc6 13. Ba3 cxd4 14. Nxd4 Nxd4 15. cxd4 Rc8 16. f5 Nxf5 17. Qd3 Qd7 18. a5 Ne7 19. axb6 axb6 20. Rab1 O-O 21. Rxb6 Rfe8 22. Bc5 Ng6 23. Qb5 Qxb5 24. Rxb5 Rb8 25. Rfb1 Rxb5 26. Rxb5 h5 27. g3 Ne7 28. Rb7 Nf5 29. Kf2 Ra8 30. Ba7 Rc8 31. Bc5 Ra8 32. Ba7 g5 33. Kf3 Kg7 34. h3 Rc8 35. Bc5 Rc6 36. g4 hxg4+ 37. hxg4 Nh4+ 38. Ke3 Ra6 39. Be7 Ra3+ 40. Bxa3 1-0

[Event "Titled Tuesday intern op 13th Aug Early"]
[Site "Chess.com INT"]
[Date "2024.08.13"]
[Round "11"]
[White "Yang, Kaiqi"]
[Black "Agdestein, Simen"]
[Result "0-1"]
[WhiteElo "2481"]
[BlackElo "2564"]
[PlyCount "78"]
[GameId "2107989758126072"]
[EventDate "2024.08.13"]
[EventType "swiss (blitz)"]
[EventRounds "11"]
[EventCountry "USA"]
[SourceTitle "EXT 2025"]
[Source "ChessBase"]
[SourceDate "2024.10.14"]
[SourceVersion "1"]
[SourceVersionDate "2024.10.14"]
[SourceQuality "1"]

1. e4 c5 2. Nf3 d6 3. Bb5+ Nd7 4. d4 cxd4 5. Qxd4 a6 6. Bxd7+ Bxd7 7. O-O e5 8. Qd3 b5 9. a4 bxa4 10. Nc3 Qc7 11. Rd1 Qb7 12. Nxa4 Nf6 13. Nc3 h6 14. Nd2 Be7 15. Nc4 O-O 16. Nxd6 Qc7 17. Rxa6 Bc6 18. Rxa8 Rxa8 19. Nf5 Bf8 20. Nd5 Bxd5 21. exd5 e4 22. Qd4 Qxc2 23. Be3 Rb8 24. Qd2 Rxb2 25. Qxc2 Rxc2 26. d6 Nd7 27. Ne7+ Kh7 28. h3 g6 29. g4 Bg7 30. Rb1 Ne5 31. Kg2 Nc4 32. d7 Nxe3+ 33. Kg1 Rd2 34. fxe3 Rxd7 35. Nc6 Bf6 36. Rb4 Rd6 37. Na5 Re6 38. Nb3 Bg5 39. Kf2 f5 0-1

[Event "Titled Tuesday intern op 20th Aug Early"]
[Site "Chess.com INT"]
[Date "2024.08.20"]
[Round "1"]
[White "Yang, Kaiqi"]
[Black "Nery Junior, Jose Antonio"]
[Result "1-0"]
[WhiteElo "2481"]
[BlackElo "2082"]
[PlyCount "47"]
[GameId "2107989758723496"]
[EventDate "2024.08.20"]
[EventType "swiss (blitz)"]
[EventRounds "11"]
[EventCountry "USA"]
[SourceTitle "EXT 2025"]
[Source "ChessBase"]
[SourceDate "2024.10.14"]
[SourceVersion "1"]
[SourceVersionDate "2024.10.14"]
[SourceQuality "1"]

1. Nf3 Nf6 2. g3 c5 3. c4 d5 4. cxd5 Nxd5 5. Nc3 Nc7 6. d3 Nc6 7. Be3 b6 8. Bg2 Bd7 9. a3 g6 10. Rb1 Bg7 11. Qd2 O-O 12. h4 Rc8 13. h5 Ne6 14. Bh6 Ncd4 15. Bxg7 Nxf3+ 16. Bxf3 Nxg7 17. hxg6 fxg6 18. Qh6 Rxf3 19. Qxh7+ Kf7 20. exf3 Bc6 21. Ne4 Qxd3 22. Rd1 Qc4 23. Rh4 Bxe4 24. Rxe4 1-0

[Event "Titled Tuesday intern op 20th Aug Early"]
[Site "Chess.com INT"]
[Date "2024.08.20"]
[Round "6"]
[White "Marichal Gonzalez, Ariel"]
[Black "Yang, Kaiqi"]
[Result "0-1"]
[WhiteElo "2268"]
[BlackElo "2481"]
[PlyCount "38"]
[GameId "2107989758777995"]
[EventDate "2024.08.20"]
[EventType "swiss (blitz)"]
[EventRounds "11"]
[EventCountry "USA"]
[SourceTitle "EXT 2025"]
[Source "ChessBase"]
[SourceDate "2024.10.14"]
[SourceVersion "1"]
[SourceVersionDate "2024.10.14"]
[SourceQuality "1"]

1. d4 e6 2. c4 f5 3. Nc3 Nf6 4. a3 b6 5. Bf4 Bb7 6. e3 d6 7. Nf3 Nbd7 8. Ng5 Qe7 9. d5 e5 10. Bg3 f4 11. Bh4 h6 12. Ne6 g5 13. Be2 Nc5 14. Bh5+ Kd7 15. Bg4 Nxg4 16. Qxg4 Nxe6 17. O-O-O Re8 18. exf4 gxh4 19. f5 Qg5+ 0-1

[Event "Titled Tuesday intern op 20th Aug Early"]
[Site "Chess.com INT"]
[Date "2024.08.20"]
[Round "7"]
[White "Golubev, Mikhail"]
[Black "Yang, Kaiqi"]
[Result "1-0"]
[WhiteElo "2461"]
[BlackElo "2481"]
[PlyCount "71"]
[GameId "2107989758786371"]
[EventDate "2024.08.20"]
[EventType "swiss (blitz)"]
[EventRounds "11"]
[EventCountry "USA"]
[SourceTitle "EXT 2025"]
[Source "ChessBase"]
[SourceDate "2024.10.14"]
[SourceVersion "1"]
[SourceVersionDate "2024.10.14"]
[SourceQuality "1"]

1. e4 c6 2. d4 d5 3. Nc3 dxe4 4. Nxe4 Bf5 5. Ng3 Bg6 6. c3 Nf6 7. Nh3 Nbd7 8. Nf4 e5 9. dxe5 Nxe5 10. Qxd8+ Rxd8 11. Be3 Neg4 12. Bxa7 Bd6 13. Nxg6 hxg6 14. h3 Bxg3 15. fxg3 Ne4 16. Rg1 Ngf6 17. Bb6 Rd7 18. Rd1 Nxg3 19. Bd3 O-O 20. Kf2 Nge4+ 21. Kf3 Ng5+ 22. Kf4 Ne6+ 23. Kg3 Nd5 24. Bf2 Rfd8 25. Bc4 b5 26. Bb3 g5 27. Rd2 f5 28. Rgd1 f4+ 29. Kh2 Kf7 30. a4 bxa4 31. Bxa4 Rc7 32. c4 Nb4 33. Rxd8 Nxd8 34. Rxd8 Re7 35. Bc5 Re4 36. Bxb4 1-0

[Event "Titled Tuesday intern op 20th Aug Early"]
[Site "Chess.com INT"]
[Date "2024.08.20"]
[Round "8"]
[White "Yang, Kaiqi"]
[Black "Sipahioglu, Irmak"]
[Result "1-0"]
[WhiteElo "2481"]
[BlackElo "2075"]
[PlyCount "47"]
[GameId "2107989758799031"]
[EventDate "2024.08.20"]
[EventType "swiss (blitz)"]
[EventRounds "11"]
[EventCountry "USA"]
[SourceTitle "EXT 2025"]
[Source "ChessBase"]
[SourceDate "2024.10.14"]
[SourceVersion "1"]
[SourceVersionDate "2024.10.14"]
[SourceQuality "1"]

1. Nf3 Nf6 2. g3 b5 3. Bg2 Bb7 4. d3 e6 5. e4 c5 6. O-O Be7 7. a4 a6 8. e5 Nd5 9. Nc3 b4 10. Ne4 O-O 11. Bg5 f6 12. exf6 gxf6 13. Bh6 Rf7 14. c4 bxc3 15. bxc3 f5 16. Ne5 fxe4 17. Qg4+ Bg5 18. Bxg5 Qf8 19. Nxf7 Qxf7 20. dxe4 h5 21. Qe2 Nxc3 22. Qb2 Bxe4 23. Qxc3 Bxg2 24. Kxg2 1-0

[Event "Titled Tuesday intern op 20th Aug Early"]
[Site "Chess.com INT"]
[Date "2024.08.20"]
[Round "10"]
[White "Zheenbekov, Nurgazi"]
[Black "Yang, Kaiqi"]
[Result "0-1"]
[WhiteElo "2124"]
[BlackElo "2481"]
[PlyCount "68"]
[GameId "2107989758815813"]
[EventDate "2024.08.20"]
[EventType "swiss (blitz)"]
[EventRounds "11"]
[EventCountry "USA"]
[SourceTitle "EXT 2025"]
[Source "ChessBase"]
[SourceDate "2024.10.14"]
[SourceVersion "1"]
[SourceVersionDate "2024.10.14"]
[SourceQuality "1"]

1. e4 c6 2. d4 d5 3. exd5 cxd5 4. Bd3 Nc6 5. c3 Nf6 6. h3 e5 7. dxe5 Nxe5 8. Nf3 Nxd3+ 9. Qxd3 Be7 10. O-O O-O 11. Nbd2 Re8 12. Nb3 Ne4 13. Be3 Bf5 14. Qd1 Qd7 15. Re1 Bd6 16. Ng5 Nxg5 17. Bxg5 Bxh3 18. Be3 Bg4 19. Qd2 Re6 20. Bf4 Rg6 21. Nd4 Bh3 22. g3 h5 23. Kh2 Bg4 24. Bxd6 Qxd6 25. Qf4 Qxf4 26. gxf4 Kf8 27. Re5 Rf6 28. Kg3 Rd8 29. f5 g6 30. fxg6 Rxg6 31. Rae1 Bc8+ 32. Kh2 a6 33. Rxh5 Bg4 34. Rh8+ Rg8 0-1

[Event "Titled Tuesday intern op 20th Aug Early"]
[Site "Chess.com INT"]
[Date "2024.08.20"]
[Round "11"]
[White "Yang, Kaiqi"]
[Black "Soto Hernandez, Henry"]
[Result "0-1"]
[WhiteElo "2481"]
[BlackElo "2481"]
[PlyCount "84"]
[GameId "2107989758824177"]
[EventDate "2024.08.20"]
[EventType "swiss (blitz)"]
[EventRounds "11"]
[EventCountry "USA"]
[SourceTitle "EXT 2025"]
[Source "ChessBase"]
[SourceDate "2024.10.14"]
[SourceVersion "1"]
[SourceVersionDate "2024.10.14"]
[SourceQuality "1"]

1. Nf3 Nf6 2. g3 g6 3. Bg2 Bg7 4. O-O O-O 5. d4 c5 6. d5 d6 7. c4 b5 8. cxb5 a6 9. bxa6 Nbd7 10. Nc3 Nb6 11. h3 Bxa6 12. Re1 Nfd7 13. Qc2 Nc4 14. Nd2 Nde5 15. b3 Nxd2 16. Bxd2 Qb6 17. Rab1 Rfb8 18. Na4 Qd8 19. Kh2 Ra7 20. Bc3 Bb5 21. f4 Bxa4 22. fxe5 Bd7 23. exd6 Bxc3 24. Qxc3 exd6 25. a4 Rab7 26. e4 Bxa4 27. e5 Rxb3 28. Rxb3 Rxb3 29. Qa1 Qg5 30. exd6 Qxg3+ 31. Kh1 Bd7 32. Qe5 Qh4 33. Qe7 Rxh3+ 34. Kg1 Qg4 35. Qd8+ Kg7 36. Rf1 Qd4+ 37. Rf2 Qd1+ 38. Rf1 Qd4+ 39. Rf2 Re3 40. Qxd7 Re2 41. Bf1 Qxf2+ 42. Kh1 Qh2# 0-1

[Event "Titled Tuesday intern op 20th Aug Late"]
[Site "Chess.com INT"]
[Date "2024.08.20"]
[Round "2"]
[White "Mingo Fernandez, Matias"]
[Black "Yang, Kaiqi"]
[Result "0-1"]
[WhiteElo "2177"]
[BlackElo "2481"]
[PlyCount "60"]
[GameId "2107989758836833"]
[EventDate "2024.08.20"]
[EventType "swiss (blitz)"]
[EventRounds "11"]
[EventCountry "USA"]
[SourceTitle "EXT 2025"]
[Source "ChessBase"]
[SourceDate "2024.10.14"]
[SourceVersion "1"]
[SourceVersionDate "2024.10.14"]
[SourceQuality "1"]

1. d4 Nf6 2. Nf3 g6 3. Bf4 Bg7 4. e3 d6 5. h3 O-O 6. Be2 Nc6 7. O-O Nd7 8. c3 e5 9. Bh2 f5 10. a4 a5 11. Na3 g5 12. Nb5 g4 13. hxg4 fxg4 14. Nd2 h5 15. Nc4 exd4 16. cxd4 Nf6 17. Nxc7 Qxc7 18. Bxd6 Qf7 19. Nb6 Be6 20. Nxa8 Rxa8 21. Rc1 Rd8 22. Bg3 Ne4 23. Bb5 Bd5 24. Bh4 Bf6 25. Bxf6 Qxf6 26. f3 Ng3 27. Rf2 Qh4 28. Rfc2 Rf8 29. e4 Bxe4 30. fxe4 Qh1# 0-1

[Event "Titled Tuesday intern op 20th Aug Late"]
[Site "Chess.com INT"]
[Date "2024.08.20"]
[Round "6"]
[White "Sroczynski, Maciej"]
[Black "Yang, Kaiqi"]
[Result "0-1"]
[WhiteElo "2255"]
[BlackElo "2481"]
[PlyCount "80"]
[GameId "2107989758874556"]
[EventDate "2024.08.20"]
[EventType "swiss (blitz)"]
[EventRounds "11"]
[EventCountry "USA"]
[SourceTitle "EXT 2025"]
[Source "ChessBase"]
[SourceDate "2024.10.14"]
[SourceVersion "1"]
[SourceVersionDate "2024.10.14"]
[SourceQuality "1"]

1. Nf3 d5 2. g3 c6 3. Bg2 Bg4 4. O-O Nd7 5. d3 e5 6. e4 dxe4 7. dxe4 Ngf6 8. h3 Bh5 9. Qe2 Bc5 10. Nbd2 O-O 11. g4 Bg6 12. Nh4 Re8 13. Nf5 a5 14. Nf3 a4 15. Bg5 Qb6 16. Rab1 Bxf5 17. gxf5 h6 18. Bd2 Qa6 19. Qd1 Nxe4 20. Bxh6 Ndf6 21. Be3 Bxe3 22. fxe3 Rad8 23. Qe1 Qc4 24. b3 Qxc2 25. bxa4 Rd7 26. Qb4 Qxa2 27. Rfd1 Rxd1+ 28. Rxd1 Qe2 29. Re1 Qf2+ 30. Kh1 Nh5 31. Qxb7 Neg3+ 32. Kh2 e4 33. Qxc6 Rf8 34. Rg1 exf3 35. Qxf3 Qc2 36. e4 Rd8 37. f6 g6 38. Qe3 Rd2 39. Qh6 Nf1+ 40. Kh1 Nhg3# 0-1

[Event "Titled Tuesday intern op 20th Aug Late"]
[Site "Chess.com INT"]
[Date "2024.08.20"]
[Round "7"]
[White "Yang, Kaiqi"]
[Black "Ghazarian, Kirk Vagho"]
[Result "0-1"]
[WhiteElo "2481"]
[BlackElo "2490"]
[PlyCount "60"]
[GameId "2107989758882948"]
[EventDate "2024.08.20"]
[EventType "swiss (blitz)"]
[EventRounds "11"]
[EventCountry "USA"]
[SourceTitle "EXT 2025"]
[Source "ChessBase"]
[SourceDate "2024.10.14"]
[SourceVersion "1"]
[SourceVersionDate "2024.10.14"]
[SourceQuality "1"]

1. Nf3 d5 2. g3 b6 3. Bg2 Bb7 4. c4 dxc4 5. Qa4+ Nd7 6. O-O e6 7. Ne5 Bxg2 8. Kxg2 c5 9. Na3 Bd6 10. Naxc4 Bxe5 11. Nxe5 Qc7 12. d4 cxd4 13. Bf4 Qb7+ 14. f3 Ngf6 15. Rac1 O-O 16. Qxd4 Nxe5 17. Bxe5 Rad8 18. Qh4 Nd7 19. Bd6 Rfe8 20. Rfd1 h6 21. Bc7 Qa6 22. Bxd8 Qxe2+ 23. Kh3 Nc5 24. Be7 Nd3 25. Rxd3 Qxd3 26. Rc3 Qf1+ 27. Kg4 f5+ 28. Kh5 Kh7 29. Qd4 Qh3+ 30. Bh4 g6# 0-1

[Event "Titled Tuesday intern op 20th Aug Late"]
[Site "Chess.com INT"]
[Date "2024.08.20"]
[Round "11"]
[White "Manon Og, Ramon Jr"]
[Black "Yang, Kaiqi"]
[Result "1-0"]
[WhiteElo "1936"]
[BlackElo "2481"]
[PlyCount "77"]
[GameId "2107989758899855"]
[EventDate "2024.08.20"]
[EventType "swiss (blitz)"]
[EventRounds "11"]
[EventCountry "USA"]
[SourceTitle "EXT 2025"]
[Source "ChessBase"]
[SourceDate "2024.10.14"]
[SourceVersion "1"]
[SourceVersionDate "2024.10.14"]
[SourceQuality "1"]

1. e4 c6 2. d4 d5 3. e5 Bf5 4. Nd2 e6 5. Nb3 Nd7 6. Nf3 a6 7. Be2 Rc8 8. O-O c5 9. c3 h6 10. h3 Bh7 11. Re1 c4 12. Nbd2 Ne7 13. Nf1 Nf5 14. Ng3 Be7 15. Nh2 b5 16. Bg4 Nf8 17. Nxf5 exf5 18. Bh5 Ne6 19. Nf1 O-O 20. Ng3 f4 21. Ne2 g5 22. Bg4 Qb6 23. g3 f5 24. exf6 Rxf6 25. gxf4 Rcf8 26. Ng3 gxf4 27. Nh5 Rg6 28. Kh1 Bg5 29. Qe2 Ng7 30. Qf3 Nxh5 31. Qxd5+ Kh8 32. Bxh5 Rg7 33. Re6 Qc7 34. Qd6 Bf5 35. Qxf8+ Rg8 36. Qxf5 Qg7 37. Rg6 Qe7 38. Rxg8+ Kxg8 39. Bxf4 1-0

[Event "Titled Tuesday intern op 27th Aug Early"]
[Site "Chess.com INT"]
[Date "2024.08.27"]
[Round "1"]
[White "Yang, Kaiqi"]
[Black "Pavlidou, Ekaterini"]
[Result "0-1"]
[WhiteElo "2481"]
[BlackElo "2146"]
[PlyCount "125"]
[GameId "2107989759256212"]
[EventDate "2024.08.27"]
[EventType "swiss (blitz)"]
[EventRounds "11"]
[EventCountry "USA"]
[SourceTitle "EXT 2025"]
[Source "ChessBase"]
[SourceDate "2024.10.14"]
[SourceVersion "1"]
[SourceVersionDate "2024.10.14"]
[SourceQuality "1"]

1. Nf3 d5 2. d4 Nf6 3. c4 c6 4. e3 e6 5. Nbd2 Bd6 6. Bd3 Nbd7 7. e4 dxe4 8. Nxe4 Nxe4 9. Bxe4 Nf6 10. Bc2 h6 11. O-O O-O 12. Qe2 c5 13. Rd1 Qc7 14. b3 cxd4 15. Nxd4 Bxh2+ 16. Kh1 Be5 17. Bb2 a6 18. Nxe6 fxe6 19. Bxe5 Qf7 20. Rd4 b5 21. Kg1 Bb7 22. f3 Rad8 23. Rad1 Rxd4 24. Rxd4 Nd7 25. Qd3 Nf6 26. Bxf6 Qxf6 27. Rd7 Qa1+ 28. Bb1 Rf5 29. Rxb7 bxc4 30. bxc4 Qe5 31. Qe4 Qc5+ 32. Kf1 Qd6 33. Qd3 Qh2 34. Qd8+ Rf8 35. Bh7+ Kxh7 36. Qxf8 Qh1+ 37. Kf2 Qh4+ 38. Ke2 Qxc4+ 39. Ke3 Qc3+ 40. Kf4 Qd2+ 41. Kg3 Qe1+ 42. Kg4 h5+ 43. Kxh5 Qh1+ 44. Kg4 Qxg2+ 45. Kf4 Qd2+ 46. Ke4 Qd5+ 47. Kf4 Qxb7 48. Qd6 Qf7+ 49. Kg3 Qg6+ 50. Kf2 Qc2+ 51. Kg3 Qxa2 52. Qe5 Qd5 53. Qa1 Qg5+ 54. Kh3 Qf5+ 55. Kg3 Qg6+ 56. Kf2 Qc2+ 57. Kg3 Qc7+ 58. Kh3 a5 59. Qb1+ Kg8 60. Qg6 Qf7 61. Qe4 Qf5+ 62. Qxf5 exf5 63. Kg3 0-1

[Event "Titled Tuesday intern op 27th Aug Early"]
[Site "Chess.com INT"]
[Date "2024.08.27"]
[Round "2"]
[White "Lorenzo de la Riva, Lazaro"]
[Black "Yang, Kaiqi"]
[Result "0-1"]
[WhiteElo "2419"]
[BlackElo "2481"]
[PlyCount "48"]
[GameId "2107989759264587"]
[EventDate "2024.08.27"]
[EventType "swiss (blitz)"]
[EventRounds "11"]
[EventCountry "USA"]
[SourceTitle "EXT 2025"]
[Source "ChessBase"]
[SourceDate "2024.10.14"]
[SourceVersion "1"]
[SourceVersionDate "2024.10.14"]
[SourceQuality "1"]

1. c4 e6 2. Nf3 f5 3. e3 Nf6 4. b3 b6 5. Bb2 Bb7 6. d3 Be7 7. Nbd2 O-O 8. a3 c5 9. h3 Nc6 10. Qc2 d5 11. d4 Rc8 12. dxc5 Bxc5 13. Rd1 Qe7 14. Qb1 Bxa3 15. Bxa3 Qxa3 16. g4 d4 17. gxf5 exf5 18. Qxf5 dxe3 19. fxe3 Qe7 20. e4 Rce8 21. Bd3 Nb4 22. Bb1 Nxe4 23. Qh5 Nxd2+ 24. Kxd2 Qe3# 0-1

[Event "Titled Tuesday intern op 27th Aug Early"]
[Site "Chess.com INT"]
[Date "2024.08.27"]
[Round "4"]
[White "Yang, Kaiqi"]
[Black "Pichot, Alan"]
[Result "0-1"]
[WhiteElo "2481"]
[BlackElo "2638"]
[PlyCount "62"]
[GameId "2107989759294060"]
[EventDate "2024.08.27"]
[EventType "swiss (blitz)"]
[EventRounds "11"]
[EventCountry "USA"]
[SourceTitle "EXT 2025"]
[Source "ChessBase"]
[SourceDate "2024.10.14"]
[SourceVersion "1"]
[SourceVersionDate "2024.10.14"]
[SourceQuality "1"]

1. Nf3 d5 2. d4 Nf6 3. c4 e6 4. g3 Bb4+ 5. Bd2 a5 6. Bg2 O-O 7. Qc2 c5 8. dxc5 d4 9. O-O Nc6 10. Rd1 e5 11. Bg5 h6 12. Bxf6 Qxf6 13. Nbd2 Bf5 14. Ne4 Qe7 15. Nh4 Bh7 16. Qa4 Bxc5 17. Qb5 Ba7 18. c5 g5 19. Nd6 gxh4 20. Nxb7 Nb4 21. c6 d3 22. exd3 hxg3 23. hxg3 Qg5 24. Kf1 Nc2 25. Rac1 Nd4 26. Qd5 Bxd3+ 27. Kg1 Ne2+ 28. Kh2 Bxf2 29. Rxd3 Bxg3+ 30. Rxg3 Qxg3+ 31. Kh1 Qh4+ 0-1

[Event "Titled Tuesday intern op 27th Aug Early"]
[Site "Chess.com INT"]
[Date "2024.08.27"]
[Round "6"]
[White "Yang, Kaiqi"]
[Black "Poddubnyi, Viktor"]
[Result "1-0"]
[WhiteElo "2481"]
[BlackElo "2304"]
[PlyCount "71"]
[GameId "2107989759323297"]
[EventDate "2024.08.27"]
[EventType "swiss (blitz)"]
[EventRounds "11"]
[EventCountry "USA"]
[SourceTitle "EXT 2025"]
[Source "ChessBase"]
[SourceDate "2024.10.14"]
[SourceVersion "1"]
[SourceVersionDate "2024.10.14"]
[SourceQuality "1"]

1. e4 g6 2. d4 Bg7 3. Nf3 d6 4. c4 Bg4 5. Be2 Nc6 6. Be3 e5 7. d5 Bxf3 8. Bxf3 Nd4 9. Nc3 Nf6 10. g3 Nxf3+ 11. Qxf3 Qd7 12. h3 O-O 13. g4 c6 14. Qe2 cxd5 15. cxd5 a6 16. Rc1 Rfc8 17. O-O b5 18. f3 Rc4 19. b3 Rc7 20. Rc2 Rac8 21. Rfc1 Qe8 22. a4 bxa4 23. Nxa4 Rxc2 24. Rxc2 Rxc2 25. Qxc2 h5 26. Qc6 hxg4 27. hxg4 Qb8 28. Nb6 Bf8 29. Qa4 Qb7 30. Nc4 Qb5 31. Qxb5 axb5 32. Na3 b4 33. Nc2 Nd7 34. Nxb4 Be7 35. Nc6 Bh4 36. b4 1-0